UM Logo

Students Involvement in Gangsterism in Digos City National High School. (Record no. 6722)

MARC details
000 -LEADER
fixed length control field 00539nam a22001577a 4500
008 - FIXED-LENGTH DATA ELEMENTS--GENERAL INFORMATION
fixed length control field 170426b xxu||||| |||| 00| 0 eng d
082 ## - DEWEY DECIMAL CLASSIFICATION NUMBER
Edition number 2016
Classification number UT 0801
Item number D54
100 ## - MAIN ENTRY--PERSONAL NAME
9 (RLIN) 20353
Personal name Diaz, Rex.
245 ## - TITLE STATEMENT
Title Students Involvement in Gangsterism in Digos City National High School.
Statement of responsibility, etc. Rex Diaz, Jefty Sumbo anad Aaron Paul Abulog.
300 ## - PHYSICAL DESCRIPTION
Extent 41 pages;
Other physical details 29 cm.
650 #0 - SUBJECT ADDED ENTRY--TOPICAL TERM
9 (RLIN) 20354
Topical term or geographic name as entry element Criminology
General subdivision Undergradute Thesis.
700 ## - ADDED ENTRY--PERSONAL NAME
9 (RLIN) 20355
Personal name Diaz, Rex.
700 ## - ADDED ENTRY--PERSONAL NAME
9 (RLIN) 20356
Personal name Sumbo, Jefty.
700 ## - ADDED ENTRY--PERSONAL NAME
9 (RLIN) 20357
Personal name Abulog, Aaron Paul.
942 ## - ADDED ENTRY ELEMENTS (KOHA)
Source of classification or shelving scheme Dewey Decimal Classification
Koha item type Undergraduate Thesis
Holdings
Withdrawn status Lost status Source of classification or shelving scheme Damaged status Not for loan Home library Current library Date acquired Total Checkouts Full call number Barcode Date last seen Copy number Price effective from Koha item type
    Dewey Decimal Classification     UM Digos College - LIC UM Digos College - LIC 02/27/2017   UT 0801 D54 2016 UT0801 04/26/2017 1 04/26/2017 Undergraduate Thesis